| 000 | 00497cam a22001574a 4500 | ||
|---|---|---|---|
| 005 | 20250901165518.0 | ||
| 008 | 070821s2007 enkab 000 0 eng | ||
| 010 | _a 2007532324 | ||
| 020 | _a9781861978684 | ||
| 050 | 0 | 0 |
_aDK 904 .R63 2007 _b.R63 2007 |
| 100 | 1 |
_aRobbins, Christopher, _d1946-2012. |
|
| 245 | 1 | 0 |
_aIn search of Kazakhstan : _bthe land that disappeared / _cChristopher Robbins. |
| 260 |
_bLondon : _bProfile Books, _c2007. |
||
| 300 |
_a296 p. : _bill., map ; _c24 cm. |
||
| 942 | _2ddc | ||
| 999 |
_c5088 _d5088 |
||